| 000 | 00700nam a22002177a 4500 | ||
|---|---|---|---|
| 003 | OSt | ||
| 005 | 20250718091732.0 | ||
| 008 | 250718b |||||||| |||| 00| 0 eng d | ||
| 020 | _a978-1-77469-757-3 | ||
| 040 |
_aDWC-Main Lib _cOC |
||
| 082 | _aRes. 005.1 Ah286f 2024 | ||
| 100 | _aAhmad, Mirshehzad | ||
| 245 |
_aFundamentals of programming/ _cMirshehzad Ahmad |
||
| 260 |
_aCanada : _bToronto Academic Press, _cc2024. |
||
| 300 |
_a224 pages : _bcolor illustrations ; _c26cm. |
||
| 504 | _aIncludes bibliographical references and index. | ||
| 650 | _a1. Computer programming. | ||
| 650 | _a2. Programming Language. | ||
| 650 | _a3. Software development. | ||
| 942 |
_2ddc _cBK-0 CIRC _kRes. _n0 |
||
| 999 |
_c3780 _d3780 |
||